Pán prehovoril Starý zákon : učebnica katolíckeho náboženstva pre piaty ročník základnej školy (západný obrad)

Podrobná bibliografia
Hlavný autor: Tóth, Ladislav (Autor)
Ďalší autori: Kutarňa, Jozef (Fotograf), Ripková, Jana (Ilustrátor)
Médium: Kniha
Jazyk:slovenčina
Fyzický popis:110 s. Fotogr., ilustr., zoz. 23 cm
Vydavateľské údaje: Trnava Spolok sv. Vojtecha 1995
ISBN:8071621072
Predmet:

MARC

LEADER 00000nam a2200000 a 4500
001 vtls001079181
003 SK-MaSNL
005 20260301193632.0
008 240318s1995 xo ag r 000 0 slo
015 |a SNBA1996/0100208 
020 |a 8071621072 
035 |a SNK000022016 
035 |a urn:nbn:sk:snk-amke7x 
035 |a urn:nbn:sk:snk-am003cri 
035 |a E424D8FB-DF94-4CA1-889B-4A1B17DB994A 
040 |a SNK  |b slo  |c SNK  |e AACR2 
041 0 |a slo 
044 |a xo  |c SK 
080 |a 372.828.2(075.2)  |2 1981 
100 1 |a Tóth, Ladislav  |4 aut  |9 6295 
245 1 0 |a Pán prehovoril  |b Starý zákon : učebnica katolíckeho náboženstva pre piaty ročník základnej školy (západný obrad)  |c Ladislav Tóth 
260 |a Trnava  |b Spolok sv. Vojtecha  |c 1995 
300 |a 110 s.  |b Fotogr., ilustr., zoz.  |c 23 cm 
500 |a Ilustr. Jana Ripková; Fotogr. Jozef Kutarňa 
610 2 7 |a Rímskokatolícka cirkev  |2 SNKKA  |9 32394 
650 0 7 |a náboženstvo  |x Rímskokatolícka cirkev  |x učebnice zákl. škôl (5. roč.)  |2 SNK  |9 453221 
655 7 |a príručky  |2 SNK  |9 74364 
700 1 |a Kutarňa, Jozef  |4 pht  |9 12380 
700 1 |a Ripková, Jana  |4 ill  |9 46547 
919 |a 80-7162-107-2 
958 |a TL 
958 |a UX 
999 |c 878312  |d 880242 
952 |a SNK  |b SNK  |y PREZ  |7 0  |p 17A1013884  |o snkSC 89293  |0 0  |1 0  |4 0  |d 2012-08-21  |f 1  |l 0  |r 2025-09-08 00:00:00  |w 2026-02-24 
952 |t P60, <09>, [BOOK], {629}  |a SNK  |b SNK  |y NEVYP  |7 0  |o snkC 1923  |i snk3773/95  |0 0  |1 0  |4 0  |d 1995-11-03  |l 0  |r 2004-12-31 00:00:00  |w 2026-02-24 
952 |t P60, <03>, [BOOK], {603}  |a SNK  |b SNK  |y PREZ  |7 0  |o snkSC 89293  |i snkKSP 9243/95  |0 0  |1 0  |4 0  |d 1995-11-03  |l 0  |r 2004-12-31 00:00:00  |w 2026-02-24 
952 |t P60, <04>, [BOOK], {604}  |a SNK  |b SNK  |y VYP  |7 0  |p 17A0005821  |o snkSC 89293 D1  |i snkKSP 9244/95  |0 0  |1 0  |4 0  |d 1995-11-03  |l 0  |r 2004-12-31 00:00:00  |w 2026-02-24